LEADER 01702nam 2200385 n 450 001 996393630803316 005 20200824121823.0 035 $a(CKB)4940000000114436 035 $a(EEBO)2240918492 035 $a(UnM)ocm99894283e 035 $a(UnM)99894283 035 $a(EXLCZ)994940000000114436 100 $a20790322d1702 uy 101 0 $aeng 135 $aurbn||||a|bb| 200 14$aThe full tryals examination and conviction, of Hagon Swanson, and Sarah Benton his pretended sister at the Queens-Bench Bar Westminster, on Wednesday the 25th of November, 1702. before the Lord Chief Justice Holt, &c$b[electronic resource] $eAlso the tryals of John Hartwell and John Spurr, two bailiffs for being confederates with them in forcibly carrying away Pleasant Rawlins an heiress, &c 210 $aLondon $cPrinted for J. Alkin near Fleetstreet$d[1702?] 215 $a1 sheet ([2] p.) 300 $aHagon Swanson = Haagen Swendsen. 300 $aReproduction of original in the British Library. 330 $aeebo-0018 606 $aTrials (Kidnapping)$zEngland$vEarly works to 1800 606 $aForced marriage$zEngland$vEarly works to 1800 615 0$aTrials (Kidnapping) 615 0$aForced marriage 700 $aSwendsen$b Haagen$fd. 1702.$01017589 801 0$bUk-ES 801 1$bUk-ES 801 2$bCu-RivES 801 2$bCStRLIN 801 2$bCu-RivES 906 $aBOOK 912 $a996393630803316 996 $aThe full tryals examination and conviction, of Hagon Swanson, and Sarah Benton his pretended sister at the Queens-Bench Bar Westminster, on Wednesday the 25th of November, 1702. before the Lord Chief Justice Holt, &c$92387983 997 $aUNISA LEADER 01407nam a2200373 i 4500 001 991001123629707536 005 20020507183709.0 008 930510s1992 us ||| | eng 020 $a9780387976396 035 $ab10804195-39ule_inst 035 $aLE01307403$9ExL 040 $aDip.to Matematica$beng 082 0 $a519.85 084 $aLC QH323.5 084 $aAMS 92-01 084 $aAMS 92-XX 084 $aAMS 92B05 084 $aAMS 92D99 100 1 $aHoppensteadt, Frank C.$042805 245 10$aMathematics in medicine and the life sciences /$cFrank C. Hoppensteadt, Charles S. Peskin 260 $aNew York :$bSpringer-Verlag,$c1992 300 $axii, 252 p. ;$c24 cm. 490 0 $aTexts in applied mathematics,$x0939-2475 ;$v10 650 4$aBiomathematics 650 4$aPhysiology-mathematics 650 4$aPopulation biology-mathematics 700 1 $aPeskin, Charles S. 907 $a.b10804195$b12-01-21$c28-06-02 912 $a991001123629707536 945 $aLE013 92-XX HOP11 (1992)$g1$i2013000039176$lle013$o-$pE0.00$q-$rl$s- $t0$u3$v5$w3$x0$y.i10908614$z28-06-02 945 $aLE006 Fondo Polezzo 154$cEx libris Stefano Polezzo$g1$i2006000185707$lle006$og$pE40.00$q-$rl$s- $t0$u0$v0$w0$x0$y.i15945728$z12-01-21 996 $aMathematics in medicine and the life sciences$9925868 997 $aUNISALENTO 998 $ale013$ale006$b07-04-20$cm$da $e-$feng$gus $h0$i1 LEADER 01211nam a2200265 i 4500 001 991001926989707536 005 20020507153954.0 008 991021s1996 it ||| | ita 020 $a881405536X 035 $ab11584440-39ule_inst 035 $aLE02727552$9ExL 040 $aDip.to Studi Giuridici$bita 082 0 $a346.45077 100 1 $aBellagamba, Gianni$0145299 245 12$aL'esecuzione civile :$brassegna della giurisprudenza su tutta la normativa, sostanziale e processuale, con commento :$bcomprese l'esecuzione esattoriale e la fase esecutiva del procedimento di sequestro e del procedimento fallimentare /$cGianni Bellagamba, Giuseppe Cariti 260 $aMilano :$bA. Giuffrè,$c1996 300 $axv, 557 p. ;$c24 cm. 650 4$aEsecuzione forzata$xGiurisprudenza di Cassazione civile 700 1 $aCariti, Giuseppe$eauthor$4http://id.loc.gov/vocabulary/relators/aut$0145300 907 $a.b11584440$b02-04-14$c02-07-02 912 $a991001926989707536 945 $aLE027 346 BEL01.03$g1$i2027000006250$lle027$o-$pE0.00$q-$rl$s- $t0$u2$v0$w2$x0$y.i11792905$z02-07-02 996 $aEsecuzione civile$9639758 997 $aUNISALENTO 998 $ale027$b01-01-99$cm$da $e-$fita$git $h2$i1